| 000 | 00556nam a2200181 u 4500 | ||
|---|---|---|---|
| 005 | 20240924064433.0 | ||
| 008 | 190909s2004 mx 000 0 spa d | ||
| 035 | _aUPN01000232732 | ||
| 049 | _aF | ||
| 050 | 4 |
_aLC71.2 _bC6.6 |
|
| 245 | 0 | 0 | _aConsideraciones para la elaboración del proyecto escolar. |
| 260 |
_aMéxico : _bSEP, Subsecretaría de Servicios Educativos para el Distrito Federal, _c[200-]. |
||
| 300 | _a22 p. | ||
| 650 | 4 |
_aEducación _xPlanificación _91146 |
|
| 650 | 2 |
_aProyecto escolar _94284 |
|
| 905 | _aLibro | ||
| 999 |
_c204827 _d204827 |
||